000 00491nam a2200181Ia 4500
005 20250508152157.0
008 008 250505s9999 xx 000 0 hin d
037 _aTextual
040 _aFEDL
_beng
_cFEDL
041 _ahin
_2hin
084 _a612, CHA
_qFEDL
100 _aChattopadhyaya Devi Prasad
_9510809
245 0 _aNakhseshikhar tak
260 _aBombay, India
_bPopular Prakashan
_c1953
300 _a78p
942 _cTEXL
_h612, CHA
999 _c1334770
_d1334770